Library Banner

آج کا سندھ (Record no. 83214)

MARC details
000 -LEADER
fixed length control field 00394nam a22001457a 4500
005 - DATE AND TIME OF LATEST TRANSACTION
control field 20160226105453.0
008 - FIXED-LENGTH DATA ELEMENTS--GENERAL INFORMATION
fixed length control field 160226b xxu||||| |||| 00| 0 eng d
040 ## - CATALOGING SOURCE
Transcribing agency PK-LaUMT
082 ## - DEWEY DECIMAL CLASSIFICATION NUMBER
Classification number AMC 954.918
Item number MEH-A
100 ## - MAIN ENTRY--PERSONAL NAME
Personal name محمود مرزا
245 ## - TITLE STATEMENT
Title آج کا سندھ
Statement of responsibility, etc محمود مرزا
260 ## - PUBLICATION, DISTRIBUTION, ETC. (IMPRINT)
Place of publication, distribution, etc لاہور
Name of publisher, distributor, etc پروگریسو پبلشرز
Date of publication, distribution, etc 1986
300 ## - PHYSICAL DESCRIPTION
Extent 97 ص
942 ## - ADDED ENTRY ELEMENTS (KOHA)
Koha item type Books
Holdings
Withdrawn status Lost status Damaged status Home library Current library Date acquired Full call number Barcode Date last seen Price effective from Koha item type
      UMT Main Campus UMT Main Campus 2016-02-26 AMC 954.918 MEH-A 85268 2019-08-03 2016-02-26 Books